000 005180000a22002050004500
003 LK-CoMWRAF
005 20230924203757.0
008 230817t ||||| |||| 00| 0 eng d
020 _a094079327X
040 _aLK-CoMWRAF
_dLK-CoMWRAF
_eLK-CoMWRAF
041 _aeng
082 _a297.124
_bASS
100 _aAs-Salihin,Riyadh
245 _aGardens of the righteous
260 _aNew York :
_bInterlink,
_c1989
300 _a332p
650 _aHadith -- Texts
650 _aIslam Hadith English Texts
942 _cBK
999 _c605
_d605